00597nam a2200229Ia 450000500170000000800460001702000180006303700100008104000080009104000080009904000080010704100080011504100080012308400080013110000530013924500590019226000220025126000220027326000090029565000150030485600480031920260121124510.0008 260114s9999 xx 000 0 eng d a9783110763096 aEBOOK aCRL beng cCRL 2eng aeng qCRL aConrad-Martius, HedwigGschwandtner, Christina M. 0aMetaphysical Conversations and Phenomenological Essays bWalter de Gruyter bWalter de Gruyter c2024 aPhilosophy uhttp://www.degruyter.com/isbn/9783110763096